000 00900nam a2200301Ia 4500
001 dia_2525
003 CHAP
005 20251023165823.0
008 220117s2007 xx 000 0 und d
010 _a176817
020 _a978-84-96300-29-3
040 _cCHAP
082 _a621.32 R65 2007
100 _aRoldán Viloria, José
_999435
245 _aAlumbrado eléctrico y sus instalaciones /
_c José Roldán Viloria
260 _aEspaña :
_b Copyright,
_c2007
300 _axix, 291 p.
503 _aC.
590 _aTK4161 R65 2007
650 _aAlumbrado eléctrico
_94730
650 _aAlumbrado eléctrico
_xInstalación
_9159571
650 _aElectric lighting
_9152130
650 _aElectric lighting
_xInstallation
_9159572
901 _a621.32 R65 2007
902 _aM
905 _a5232272007 sp aimn8222223322spa16
942 _cLIBRO
_2ddc
999 _c176817
_d176817